| 000 | 01434nam a2200289Ia 4500 | ||
|---|---|---|---|
| 999 |
_c43915 _d43915 |
||
| 001 | 10664 | ||
| 003 | GE_BSU | ||
| 005 | 20221125125608.0 | ||
| 008 | 181216s2010||||ge |||||||||||||| ||geo|| | ||
| 020 | _a9789941180088x | ||
| 040 | _cGE_BSU | ||
| 041 | _ageo | ||
| 080 | _a37.015.3+159.964.2 დ–43 | ||
| 100 |
_aდიმიტრიადისი, გრე _916100 |
||
| 245 |
_aთეორია განათლებისათვის / _cგრეგ დიმიტრიადისი და ჯორჯ კამბერელისი ; [მთარგმნ.: ნანული ჩიტაშვილი [და სხვ.] ; რედ. ნინო ჯავახიშვილი]. |
||
| 264 |
_aთბილისი: _bილიას სახელმწ. უნ-ტი, _c2010. |
||
| 300 |
_a232 გვ.; _b23 სმ. |
||
| 541 | _h7ლ.40თ | ||
| 653 | _aთეორია განათლებისათვის | ||
| 653 | _aპედაგოგიური ფსიქოლოგია | ||
| 653 | _aფსიქოანალიზი | ||
| 653 | _a;მეტაფიზიკა | ||
| 653 | _aგანათლების ფილოსოფია | ||
| 700 |
_aკამბერელისი, ჯორჯ _eავტორი _916101 |
||
| 700 |
_aჩიტაშვილი, ნანული _eმთარგმნელი _916102 |
||
| 942 |
_cBK _2udc |
||